Compendio de Disposiciones sobre Comercio Exterior 2016

Bibliographic Details
Format: Book
Language:Spanish
Published: Mx̌ico Ediciones fiscales 2016
Subjects:
Online Access:Acceso restringido

MARC

LEADER 00000nam a22000007a 4500
005 20160216133556.0
007 cr|||| ||u|
008 160216s2016 mx ||||| |||| 00||0|spa d
020 |a 978-368-726-949-6 
035 |a 13071 
040 |a vLex 
090 |c 5882  |d 5882 
245 1 0 |a Compendio de Disposiciones sobre Comercio Exterior 2016  |h [Recurso electrn̤ico[ /  |c Ediciones Fiscales 
256 |a Servicio en ln̕ea  
260 |a Mx̌ico  |b Ediciones fiscales  |c 2016 
300 |a 1 recurso electrn̤ico (65ð edicin̤ 1995 pg̀s)  
506 1 |a Contenido solo disponible en los productos indicados   |d vLex Global  |d vLex Global (Academic Edition, excluding Law Schools)  |d vLex Global (U.S. Academic Edition, Law Schools)  |d vLex Global (U.S. Academic Edition, excluding Law Schools)  |d vLex Global (Academic Edition, Law Schools) 
650 0 4 |a Comercio Internacional  |z Mx̌ico  
740 0 |a vLex libros (servicio en ln̕ea) 
856 4 0 |u http://vlex.com/source/compendio-disposiciones-comercio-exterior-2016-13071  |z Acceso restringido  
942 |c BOOK 
999 0 |a International trade